Loading...
Physical geography : a human perspective
| Main Author: | |
|---|---|
| Format: | Printed Book |
| Published: |
London ; New York :
Routledge,
2010.
|
| Series: | Routledge key guides
|
| Subjects: |
| LEADER | 00536cam a2200157 a 4500 | ||
|---|---|---|---|
| 020 | |a 0340809620 | ||
| 082 | 0 | 0 | |a 910.02 |b HUG/P |
| 100 | 1 | |a Huggett, Richard J. | |
| 245 | 1 | 0 | |a Physical geography : |b a human perspective |
| 260 | |a London ; |a New York : |b Routledge, |c 2010. | ||
| 300 | |a xiv, 210 p. : | ||
| 490 | 1 | |a Routledge key guides | |
| 650 | 0 | |a Physical geography. | |
| 942 | |c BK | ||
| 999 | |c 96027 |d 96027 | ||
| 952 | |0 0 |1 0 |4 0 |6 910_020000000000000_HUG_P |7 0 |9 88787 |a SSS |b SSS |c GEN |d 2011-08-23 |g 2161.90 |l 0 |o 910.02 HUG/P |p SSS06982 |r 2011-08-23 |w 2011-08-23 |y BK | ||